Handbook of structural and mechanical matrices : (Record no. 546513)

000 -LEADER
fixed length control field 00719cam a2200181 a 4500
020 ## - INTERNATIONAL STANDARD BOOK NUMBER
International Standard Book Number 0070654336 :
082 0# - DEWEY DECIMAL CLASSIFICATION NUMBER
Classification number 624.17
Author Mark TUM
-- L-20, P-181
100 1# - MAIN ENTRY--PERSONAL NAME
Personal name Tuma, Jan J.
9 (RLIN) 3085
245 10 - TITLE STATEMENT
Title Handbook of structural and mechanical matrices :
Remainder of title definitions, transport matrices, stiffness matrices, finite differences, finite elements, graphs and tables of matrix coefficients /
Statement of responsibility, etc. Jan J. Tuma.
260 ## - PUBLICATION, DISTRIBUTION, ETC.
Place of publication, distribution, etc. New York :
Name of publisher, distributor, etc. McGraw-Hill,
Date of publication, distribution, etc. c1988.
300 ## - PHYSICAL DESCRIPTION
Extent x, 556 p. :
Other physical details ill. ;
Dimensions 25 cm.
500 ## - GENERAL NOTE
General note Includes index.
526 ## - STUDY PROGRAM INFORMATION NOTE
Program name 0
Interest level 0
Reading level 0
Title point value 624_170000000000000_TUM
526 ## - STUDY PROGRAM INFORMATION NOTE
Program name 0
Interest level 0
Reading level 0
Title point value 624_170000000000000_TUM
650 #0 - SUBJECT ADDED ENTRY--TOPICAL TERM
Topical term or geographic name entry element MCE
9 (RLIN) 379
650 #0 - SUBJECT ADDED ENTRY--TOPICAL TERM
Topical term or geographic name entry element Structural analysis (Engineering)
General subdivision Matrix methods
9 (RLIN) 1143
942 ## - ADDED ENTRY ELEMENTS (KOHA)
Source of classification or shelving scheme
Koha item type Book
Holdings
Withdrawn status Lost status Source of classification or shelving scheme Damaged status Not for loan Permanent Location Current Location Date acquired Total Checkouts Full call number Barcode Date last seen Price effective from Koha item type
          Military College of Engineering (MCE) Military College of Engineering (MCE) 06/12/2014   624.17 TUM MCE-27570 06/12/2014 06/12/2014 Book
          Military College of Engineering (MCE) Military College of Engineering (MCE) 06/12/2014   624.17 TUM MCE-27599 06/12/2014 06/12/2014 Book
© 2023 Central Library, National University of Sciences and Technology. All Rights Reserved.